000 00312nam a2200121Ia 4500
008 220204s9999 xx 000 0 und d
082 _a658:63
_bDUF
100 _aDuft, Kenneth D
245 0 _aPrinciples of management in agribusiness
260 _aVirginia
_bReston
_c1979
650 _aAgribusiness
942 _cBK
999 _c37383
_d37383